|
|
|
|
| LEADER |
00000nab a2200000 a 4500 |
| 001 |
vtls000514846 |
| 003 |
SK-MaSNL |
| 005 |
20260304233907.0 |
| 008 |
250426c1994 xo 0 slo |
| 015 |
|
|
|a SNBRB19rr/mm-uuuuu
|
| 035 |
|
|
|a CL0514984
|
| 035 |
|
|
|a urn:nbn:sk:snk-abbobu
|
| 035 |
|
|
|a (urnnbn)urn:nbn:sk:snk:ar-008jdc
|
| 035 |
|
|
|a (uuid)3a0b06d3-d209-4e8a-9931-7f5dd6afc343
|
| 040 |
|
|
|a SNKBUCL
|b slo
|c SNKBUCL
|e AACR2
|
| 041 |
0 |
|
|a slo
|
| 044 |
|
|
|a xo
|c SK
|
| 080 |
|
|
|a 632.952:633.1
|2 1981
|
| 080 |
|
|
|a 633.1
|2 1981
|
| 100 |
1 |
|
|a Fandlová, Mária
|4 aut
|9 9683
|
| 245 |
1 |
0 |
|a Skúsenosti s ochranou obilnín proti chorobám s prípravkami ALTO 100 SL a ALTO COMBI 420 SC
|c Mária Fandlová
|
| 300 |
|
|
|b Tab. 3
|
| 650 |
0 |
7 |
|a obilniny
|2 snkbucl
|9 19007
|
| 650 |
0 |
7 |
|a fungicídy
|2 snkbucl
|9 15201
|
| 650 |
0 |
7 |
|a Alto 100 SL (fungicíd)
|2 snkbucl
|9 1570113
|
| 650 |
0 |
7 |
|a Alto Combi 420 SC (fungicíd)
|2 snkbucl
|9 1570114
|
| 655 |
|
7 |
|a články z novín a časopisov
|2 snkbucl
|9 267496
|
| 773 |
0 |
|
|t Agrochémia
|g Roč. 34, č. 4 (1994), s. 87-89
|x 0002-1830
|
| 850 |
|
|
|a Slovenská národná knižnica
|
| 852 |
|
|
|a Slovenská národná knižnica
|
| 954 |
|
|
|a odborná, vedecká literatúra pôvodná (slovenská)
|2 lita
|
| 958 |
|
|
|a article15
|
| 958 |
|
|
|a OND
|
| 958 |
|
|
|a RK
|
| 958 |
|
|
|a EUIPO
|
| 992 |
|
|
|a RBX
|
| 999 |
|
|
|c 3200751
|d 3202681
|